000 00629cam a2200193 4500
001 T100479
008 000000n1968 000 0 eng u
035 _a(Sirsi) u100479
110 _aEngland and Wales
_bLands Tribunal
_91252
245 _aW.K. Abercrombie v Derwent RDC
260 _c1968
520 _aREF/104/196729 Mar 1968. Reported in 1968 206 EG 721. Stored in off site archive - please ask library staff for details.
650 _aW.K.ABERCROMBIE V DERWENT RDC
650 _aCOMPENSATION
650 _aSEWERS
650 _aDISTURBANCE
690 _aCOMPULSORY PURCHASE AND COMPENSATION-CASE LAW
942 _n0
999 _c60112
_d60112